| 000 | 00759nam a22001817a 4500 | ||
|---|---|---|---|
| 999 |
_c100291 _d100291 |
||
| 008 | 201130b ||||| |||| 00| 0 eng d | ||
| 040 |
_bger _cDE-2950 _erda _aDE-2950 |
||
| 041 | _ager | ||
| 100 | _aGutke, Thomas: | ||
| 245 |
_aStadt verliert 667 Einwohner. _bDemografie: Frankfurt erlebte im Corona-Jahr 2020 einen Bevölkerungsrückgang wie lange nicht mehr. Es fehlt an Nachwuchs - und Studenten / _cThomas Gutke und Gerrit Freitag |
||
| 653 | _aFrankfurt (Oder) | ||
| 653 | _aBevölkerungsentwicklung | ||
| 773 |
_dFrankfurt (Oder): Märkisches Verlags- und Druckhaus GmbH & Co KG _g32. Jahrgang (2021) Nr. 114 vom 19.05.2021, S. 13: Foto _tMärkische Oderzeitung |
||
| 942 | _cA | ||